[Event "AUTO-INT-291"]
[Site "http://www.queenalice.com/game.php?id=146390"]
[Date "2006.12.26"]
[Round "1"]
[White "sanabas"]
[Black "SGrillo"]
[Result "0-1"]
[WhiteElo "1417"]
[BlackElo "1655"]

1. e4 e5 2. Nf3 d6 3. d4 exd4 4. Qxd4 h6 5. h3 Qe7 6. Bd3 Nc6 7. Qa4 Nf6 8. g4
Bd7 9. Qb5 b6 10. Qc4 Qe6 11. Qxe6+ Bxe6 12. Nc3 Nd7 13. Be3 Nce5 14. Nxe5 Nxe5
15. Nd5 Kd7 16. O-O-O Bxd5 17. exd5 Nxd3+ 18. Rxd3 Be7 19. a3 Bg5 20. Bxg5 hxg5
21. b4 f6 22. c4 Rae8 23. a4 Re4 24. Rc3 Rhe8 25. a5 Re1+ 26. Rxe1 Rxe1+ 27. Kd2
Re4 28. Kd3 Rf4 29. Ke3 Ke7 30. axb6 axb6 31. h4 Rxg4 32. hxg5 Rxg5 33. f4 Rg3+
34. Kd2 Rxc3 35. Kxc3 g5 36. fxg5 fxg5 37. Kd3 Kf6 38. Ke3 Kf5 39. Kf3 g4+ 40.
Kg3 Kg5 41. b5 Kf5 42. Kg2 Kf4 43. Kf2 g3+ 44. Kg2 Kg4 45. Kg1 Kf3 46. Kf1 Kg4
47. Kg2 Kf4 48. Kg1 Kf3 49. Kf1 g2+ 50. Kg1 Ke4 51. Kxg2 Kd4 52. Kf2 Kxc4 53.
Ke3 Kxd5 54. Kd3 Kc5 55. Ke4 Kxb5 56. Kd5 c6+ 57. Kxd6 c5 58. Kd5 c4 59. Kd4 Kb4
60. Ke3 Kb3 61. Kd2 Kb2 0-1

[Event "AUTO-INT-291"]
[Site "http://www.queenalice.com/game.php?id=146391"]
[Date "2006.12.26"]
[Round "1"]
[White "SGrillo"]
[Black "sanabas"]
[Result "1-0"]
[WhiteElo "1659"]
[BlackElo "1439"]

1. e4 c5 2. c3 d5 3. exd5 Qxd5 4. Qf3 e6 5. Qxd5 exd5 6. Bb5+ Nc6 7. Bxc6+ bxc6
8. Nf3 Bg4 9. Ne5 Bd7 10. O-O Bd6 11. Re1 Ne7 12. Nxd7 Kxd7 13. d3 Rhe8 14. Bg5
f6 15. Bd2 Nf5 16. Rxe8 Rxe8 17. Na3 d4 18. c4 Re2 19. Rd1 g5 20. Kf1 Re6 21. g3
h5 22. Nc2 h4 23. Re1 Bc7 24. Rxe6 Kxe6 25. Ke2 g4 26. Ne1 a5 27. b3 Kd7 28. Bc1
Bd6 29. Ng2 hxg3 30. hxg3 Kc7 31. Bf4 Bxf4 32. Nxf4 Nd6 33. Ne6+ Kb6 34. f3
gxf3+ 35. Kxf3 f5 36. Ng7 Ka6 37. Kf4 Kb7 38. Nxf5 Nxf5 39. Kxf5 Kc7 40. Kf6 Kd6
41. g4 Kd7 42. Kf7 1-0

[Event "loinburger"]
[Site "http://www.queenalice.com/game.php?id=146514"]
[Date "2006.12.26"]
[Round "1"]
[White "sanabas"]
[Black "MadScot"]
[Result "0-1"]
[WhiteElo "1432"]
[BlackElo "1777"]

1. e4 c6 2. d4 d5 3. Nc3 dxe4 4. Nxe4 Bf5 5. Ng3 Bg6 6. Nf3 Nd7 7. h4 h6 8. h5
Bh7 9. Bd3 Bxd3 10. Qxd3 e6 11. Bd2 Ngf6 12. Ne4 Nxe4 13. Qxe4 Nf6 14. Qd3 Qd5
15. b3 Qe4+ 16. Be3 Qxd3 17. cxd3 Bd6 18. g3 O-O 19. O-O Nd5 20. Ne5 Nc3 21. Nc4
Be7 22. Bd2 Nb5 23. Be3 Rfd8 24. a4 Nxd4 25. Bxd4 Rxd4 26. Rad1 Rad8 27. Ne5 f6
28. Ng6 Kf7 29. Nxe7 Kxe7 30. Kg2 Rxd3 31. Rxd3 Rxd3 32. Rb1 Kd6 33. Kf1 Kd5 34.
Ke2 Ke4 35. b4 Ra3 36. a5 Ra2+ 37. Kf1 Kf3 38. Rb3+ Kg4 39. Kg2 Kxh5 40. Kf3 Kg5
41. g4 h5 42. gxh5 Kxh5 43. Kg3 g5 44. f4 gxf4+ 45. Kxf4 Rf2+ 46. Kg3 Rd2 47.
Kf4 Rd4+ 48. Kg3 e5 49. Kf3 f5 50. Re3 Rf4+ 51. Kg3 Rg4+ 52. Kf3 e4+ 53. Kf2 Rh4
54. Kg2 Kg4 0-1

[Event "AUTO-INT-239"]
[Site "http://www.queenalice.com/game.php?id=174634"]
[Date "2007.2.27"]
[Round "2"]
[White "sanabas"]
[Black "csadler"]
[Result "0-1"]
[WhiteElo "1501"]
[BlackElo "1812"]

1. e4 c5 2. Nf3 e6 3. d4 cxd4 4. Nxd4 a6 5. Nc3 Qc7 6. Bd3 Nc6 7. Nxc6 dxc6 8.
O-O Bb4 9. Bd2 Nf6 10. Qe2 O-O 11. e5 Bxc3 12. Bxc3 Nd5 13. Qe4 g6 14. Rad1 Nxc3
15. bxc3 b5 16. c4 bxc4 17. Bxc4 Bb7 18. Rd2 c5 19. Qd3 Rad8 20. Qe3 Rxd2 21.
Qxd2 Qxe5 22. Re1 Qh5 23. h3 h6 24. Be2 Qg5 25. Qxg5 hxg5 26. Kh2 Kg7 27. Kg3
Rd8 28. Kg4 Bxg2 29. Bxa6 Kh6 30. Re5 Rd4+ 31. Kg3 Bd5 32. c3 Rd2 33. c4 Bh1 34.
Rxc5 Rxa2 35. Bc8 Rc2 36. f3 Rg2# 0-1

[Event "AUTO-INT-239"]
[Site "http://www.queenalice.com/game.php?id=174635"]
[Date "2007.2.27"]
[Round "2"]
[White "csadler"]
[Black "sanabas"]
[Result "0-1"]
[WhiteElo "1749"]
[BlackElo "1474"]

1. Nf3 d5 2. d4 Nf6 3. c4 c6 4. Nc3 dxc4 5. a4 Bf5 6. e3 e6 7. Bxc4 Bb4 8. O-O
Nbd7 9. Qb3 Bxc3 10. bxc3 O-O 11. Ba3 Re8 12. Qxb7 Ne4 13. Qb2 Qa5 14. Bb4 Qb6
15. a5 Qb7 16. Ba3 Qxb2 17. Bxb2 Bg4 18. Ne5 Nxe5 19. dxe5 Nd2 20. Bxe6 Rxe6 21.
Rfe1 Rxe5 22. f3 Bxf3 23. gxf3 Nxf3+ 24. Kf2 Nxe1 25. Kxe1 Rxe3+ 26. Kf2 Rae8
27. Ba3 Rxc3 0-1

[Event "AUTO-INT-239"]
[Site "http://www.queenalice.com/game.php?id=174638"]
[Date "2007.2.27"]
[Round "2"]
[White "sanabas"]
[Black "AlBErTy"]
[Result "0-1"]
[WhiteElo "1497"]
[BlackElo "2193"]

1. e4 c6 2. c4 d5 3. exd5 cxd5 4. cxd5 Nf6 5. Bb5+ Bd7 6. Nc3 Bxb5 7. Nxb5 Nxd5
8. Qa4 Nc6 9. Ne2 e6 10. O-O Be7 11. d3 O-O 12. Nec3 Nb6 13. Qg4 Qxd3 14. Nc7
Rac8 15. Bf4 e5 16. Rfe1 Rxc7 17. Rxe5 Qg6 18. Qxg6 fxg6 19. Re4 Rd7 20. Rae1
Bf6 21. g3 Bxc3 0-1

[Event "AUTO-INT-239"]
[Site "http://www.queenalice.com/game.php?id=174639"]
[Date "2007.2.27"]
[Round "2"]
[White "AlBErTy"]
[Black "sanabas"]
[Result "1-0"]
[WhiteElo "2192"]
[BlackElo "1499"]

1. e4 e5 2. Nf3 Nc6 3. Bc4 Nf6 4. d3 Be7 5. O-O O-O 6. c3 d6 7. h3 a6 8. Qe2 b5
9. Bb3 Na5 10. Bc2 Be6 11. Bg5 h6 12. Bh4 c5 13. Nbd2 c4 14. d4 exd4 15. cxd4 g5
16. Bg3 Nh5 17. Bh2 d5 18. e5 Nf4 19. Qe3 f6 20. Bxf4 1-0

[Event "Challenge"]
[Site "http://www.queenalice.com/game.php?id=368004"]
[Date "2008.3.9"]
[Round "-"]
[White "sanabas"]
[Black "Ginormous"]
[Result "1-0"]
[WhiteElo "1480"]
[BlackElo "1374"]

1. e4 e5 2. Nf3 Nc6 3. d4 exd4 4. Bc4 Bc5 5. Ng5 Ne5 6. b3 h6 7. Qh5 g6 8. Bxf7+
Nxf7 9. Nxf7 Kxf7 10. Qxc5 b6 11. Qxd4 Rh7 12. Qd5+ Kg7 13. Bb2+ Kf8 14. Qxa8 c6
15. Qxa7 1-0

[Event "AUTO-INT-825"]
[Site "http://www.queenalice.com/game.php?id=368466"]
[Date "2008.3.10"]
[Round "1"]
[White "marcao"]
[Black "sanabas"]
[Result "0-1"]
[WhiteElo "1612"]
[BlackElo "1532"]

1. d4 Nf6 2. Nc3 g6 3. e4 d6 4. Bg5 Bg7 5. Nf3 h6 6. Bf4 Nc6 7. Bc4 O-O 8. O-O
g5 9. Be3 Bg4 10. h3 Bxf3 11. Qxf3 e5 12. d5 Nb4 13. Bb3 c6 14. a3 Na6 15. Ba2
cxd5 0-1

[Event "AUTO-INT-825"]
[Site "http://www.queenalice.com/game.php?id=368467"]
[Date "2008.3.10"]
[Round "1"]
[White "sanabas"]
[Black "marcao"]
[Result "1-0"]
[WhiteElo "1511"]
[BlackElo "1633"]

1. e4 e5 2. Nf3 Nc6 3. Bb5 d6 4. d4 Bd7 5. c4 a6 6. Bxc6 bxc6 7. dxe5 c5 8. Nc3
dxe5 9. Nxe5 Nf6 10. Bg5 Be6 11. Qxd8+ Rxd8 12. Bxf6 Rb8 13. Bg5 h6 14. Be3 Bd6
15. Nc6 Rxb2 16. e5 1-0

[Event "AUTO-INT-825"]
[Site "http://www.queenalice.com/game.php?id=368482"]
[Date "2008.3.10"]
[Round "1"]
[White "sanabas"]
[Black "chesplayer"]
[Result "0-1"]
[WhiteElo "1463"]
[BlackElo "1594"]

1. e4 e5 2. Nf3 Nc6 3. Be2 Nf6 4. d3 Bb4+ 5. Bd2 Bxd2+ 6. Nbxd2 O-O 7. O-O Re8
8. c3 d5 9. exd5 Nxd5 10. d4 exd4 11. Nxd4 Nxd4 12. cxd4 Bf5 13. g4 Be6 14. Qc2
Nf4 15. Bf3 Qh4 16. Bxb7 Nh3+ 17. Kh1 Rab8 18. Bc6 Qg5 19. Bxe8 Bd5+ 20. Ne4
Rxe8 21. f3 Bxe4 22. fxe4 Qxg4 23. Qc6 Kf8 24. Rae1 Nf4 25. e5 Re6 26. Qe4 g5
27. Rg1 Qh4 28. Qf5 Qh5 29. Rxg5 Qf3+ 30. Kg1 Nh3+ 31. Qxh3 Qxh3 32. d5 Rg6 33.
Rxg6 hxg6 0-1

[Event "AUTO-INT-825"]
[Site "http://www.queenalice.com/game.php?id=368483"]
[Date "2008.3.10"]
[Round "1"]
[White "chesplayer"]
[Black "sanabas"]
[Result "1-0"]
[WhiteElo "1496"]
[BlackElo "1481"]

1. e4 c5 2. Bc4 e6 3. Nf3 Nc6 4. O-O d5 5. exd5 exd5 6. Bb5 Bd7 7. Re1+ Be7 8.
Ng5 a6 9. Bxc6 Bxc6 10. Qf3 f6 11. Ne6 Qd6 12. Nxg7+ Kf7 13. Nf5 Qc7 14. Qh5+
Kf8 15. d3 Re8 16. Bh6+ Nxh6 17. Qxh6+ Kf7 18. Qg7# 1-0

[Event "AUTO-INT-825"]
[Site "http://www.queenalice.com/game.php?id=368484"]
[Date "2008.3.10"]
[Round "1"]
[White "sanabas"]
[Black "ulisses34"]
[Result "1-0"]
[WhiteElo "1463"]
[BlackElo "1488"]

1. e4 e5 2. Nc3 Bb4 3. Nd5 Bc5 4. Nf3 Nf6 5. Nxe5 Nxe4 6. d4 d6 7. Nxf7 Kxf7 8.
dxc5 dxc5 9. Bc4 Be6 10. Qf3+ Nf6 11. Nxf6 Bxc4 12. Nd7+ Kg8 13. Nxc5 Qe8+ 14.
Be3 Qc6 15. O-O-O Na6 16. Qxc6 bxc6 17. Nxa6 Bxa6 18. Bxa7 h6 19. Bd4 Be2 20.
Rd2 Bc4 21. a3 Kh7 22. Be5 Bd5 23. f3 Rac8 24. c4 Bxc4 25. Rd7 Rcg8 26. Rxc7 Bd5
27. Rd1 Kg6 28. b4 Rh7 29. b5 Re8 30. Ba1 Bb3 31. Rdd7 Rg8 32. bxc6 Be6 33. Rd6
Re8 34. Rb7 h5 35. c7 Rhh8 36. Rbb6 Kf7 37. a4 Re7 38. Rdc6 Bd7 39. Rc5 Rc8 40.
a5 Re1+ 41. Kb2 Re2+ 42. Kc3 Re3+ 43. Kd4 Re1 44. Bc3 Rd1+ 45. Ke5 Re8+ 46. Kf4
Rd3 47. Rb8 Ke6 48. Rxe8+ Bxe8 49. c8=Q+ Bd7 50. Re5+ Kd6 51. Qc5# 1-0

[Event "AUTO-INT-825"]
[Site "http://www.queenalice.com/game.php?id=368485"]
[Date "2008.3.10"]
[Round "1"]
[White "ulisses34"]
[Black "sanabas"]
[Result "1-0"]
[WhiteElo "1427"]
[BlackElo "1481"]

1. e4 c5 2. Nf3 d6 3. Be2 Nf6 4. e5 Ng4 5. d4 Nc6 6. dxc5 Ncxe5 7. Nxe5 dxe5 8.
Bxg4 Bxg4 9. Qxg4 Qa5+ 10. Bd2 Qxc5 11. Qa4+ b5 12. Qe4 O-O-O 13. Qg4+ e6 14.
O-O Rxd2 15. Nxd2 Qxc2 16. Rac1 Qxc1 17. Rxc1+ Kd7 18. Nf3 f5 19. Nxe5+ Ke7 20.
Qg5+ 1-0

[Event "Challenge"]
[Site "http://www.queenalice.com/game.php?id=369847"]
[Date "2008.3.12"]
[Round "-"]
[White "Drica"]
[Black "sanabas"]
[Result "0-1"]
[WhiteElo "1570"]
[BlackElo "1492"]

1. e4 c5 2. Qf3 Nf6 3. Bc4 Nc6 4. Nh3 d5 5. exd5 Ne5 6. Bb5+ Bd7 7. Qb3 a6 8.
Bxd7+ Qxd7 9. Ng5 Nxd5 10. Nc3 Nxc3 11. Qxc3 Qd5 12. b3 Qxg2 13. Qxe5 Qxh1+ 14.
Ke2 f6 15. Qxc5 fxg5 16. Qxg5 Qe4+ 17. Kf1 h6 18. d3 hxg5 19. dxe4 Rxh2 20. Kg1
Rh4 21. Bxg5 Rg4+ 22. Kh2 Rxg5 23. Rg1 Rxg1 24. Kxg1 O-O-O 25. e5 Rd2 26. c4
Rxa2 27. e6 Rb2 28. c5 Rxb3 29. Kg2 a5 30. f3 a4 31. f4 a3 32. f5 a2 33. f6 a1=Q
34. fxe7 Qa2+ 35. Kh1 Rb1# 0-1

[Event "Challenge"]
[Site "http://www.queenalice.com/game.php?id=375426"]
[Date "2008.3.22"]
[Round "-"]
[White "sanabas"]
[Black "Ginormous"]
[Result "1-0"]
[WhiteElo "1551"]
[BlackElo "1350"]

1. e4 e5 2. Nf3 d6 3. d4 exd4 4. Qxd4 Bd7 5. Bc4 Nc6 6. Qd5 Be6 7. Qb5 a6 8.
Qxb7 Nge7 9. Bxe6 fxe6 10. Bg5 Na5 11. Qb4 h6 12. Bxe7 Bxe7 13. Qxa5 O-O 14. Nc3
Bf6 15. O-O-O Qd7 16. e5 Bg5+ 17. Nxg5 hxg5 18. exd6 cxd6 19. Qxg5 Rxf2 20. Ne4
Rf5 21. Qg4 d5 22. c4 Rc8 23. b3 Qe7 24. Ng3 Rf2 25. Nh5 Rxa2 26. Kb1 Rf2 27.
cxd5 Rb8 28. Rd3 Rb5 29. dxe6 a5 30. Qg3 Rff5 31. Nf4 a4 32. Ka2 Ra5 33. Rhd1
Rg5 34. Rd8+ 1-0

[Event "Crazy may or"]
[Site "http://www.queenalice.com/game.php?id=432633"]
[Date "2008.7.13"]
[Round "-"]
[White "sanabas"]
[Black "Ginormous"]
[Result "1-0"]
[WhiteElo "1584"]
[BlackElo "1448"]

1. g3 e5 2. c4 Nc6 3. Bg2 g6 4. Nc3 Nf6 5. d3 Bc5 6. Bg5 Bd4 7. Nd5 e4 8. e3 h6
9. exd4 hxg5 10. dxe4 d6 11. Qe2 Nxd4 12. Qd2 c5 13. Ne2 Nxe2 14. Qxe2 Be6 15.
O-O Bxd5 16. exd5+ Qe7 17. Rfe1 Qxe2 18. Rxe2+ Kd7 19. Rae1 Kc7 20. Re7+ Kb6 21.
Rxf7 Ng4 22. h3 Ne5 23. Rf6 Nxc4 24. Rxg6 Rae8 25. Rb1 Rd8 26. Rxg5 Rhe8 27. b4
Re2 28. Bf1 Na3 29. bxc5+ Kc7 30. Rg7+ Rd7 31. Rxd7+ Kxd7 32. Rxb7+ 1-0

[Event "may not subside"]
[Site "http://www.queenalice.com/game.php?id=432634"]
[Date "2008.7.13"]
[Round "-"]
[White "Ginormous"]
[Black "sanabas"]
[Result "0-1"]
[WhiteElo "1446"]
[BlackElo "1573"]

1. e4 e5 2. Nf3 Nc6 3. Bc4 Nf6 4. d4 exd4 5. e5 d5 6. Bb5 Ne4 7. Nxd4 Bc5 8.
Nxc6 Bxf2+ 9. Kf1 Qh4 10. Nd4+ Bd7 11. Nf5 Bxb5+ 12. Qe2 Bxe2+ 13. Kxe2 Qg4+ 14.
Kf1 Qd1# 0-1

[Event "Challenge"]
[Site "http://www.queenalice.com/game.php?id=437265"]
[Date "2008.7.22"]
[Round "-"]
[White "Ginormous"]
[Black "sanabas"]
[Result "0-1"]
[WhiteElo "1434"]
[BlackElo "1595"]

1. e4 e5 2. Nf3 Nc6 3. Bc4 Nf6 4. d4 exd4 5. O-O Bc5 6. e5 d5 7. exf6 dxc4 8.
Re1+ Be6 9. Ng5 Qxf6 10. Ne4 Qf5 11. h3 O-O-O 12. b3 c3 13. Ba3 Bxa3 14. Nxa3
Rhe8 15. Qd3 Ne5 16. Nd6+ Rxd6 17. Qxf5 Bxf5 18. Nb5 Rde6 19. Nxd4 Nf3+ 20. Nxf3
Bxc2 21. Kf1 Bd3+ 22. Kg1 c2 23. Rac1 Rxe1+ 24. Nxe1 Bg6 25. Kf1 b5 26. Nf3 c5
27. g3 a5 28. Ng5 a4 29. Kg2 axb3 30. axb3 f6 31. Nf3 Be4 32. h4 Rd8 33. g4 Rd1
0-1